000 00768nas a2200265 4500
001 BR0801689
003 BR-BrBNA
005 20231205111731.0
007 ta
008 230509b bl.|||p| |||| 00| 00por d
040 _aBR-BrBNA
_bpor
_cBiblioteca Nacional de Agricultura
041 _a(Pt)
072 _aL70
100 1 _aPolydoro, A.S.
100 1 _aNatalini, C.C.
100 1 _aRaiser, A.G.
100 1 _aHennemann, C.R.A.
245 1 _aAnalgesia e anestesia epidural em cães e gatos
_bRevisão de literatura
650 _aANESTESIA
650 _aCÃO
650 _aGATO
773 0 _tA Hora Veterinária (Brazil)
_xISSN 0101-9163
_g(Jan-Feb 2006), v. 25(149) p. 31-37
_wBR0801689
909 _a202311
_bLúcia
_c55
_dLúcia Elande
942 _2AGRIS
_n0
_cANA
999 _c194219
_d194219